000 01711nam a22002295i 4500
001 158890
003 ES-MaACL
005 20250921063035.0
008 940301s1839 sp |||| | spa d
040 _aAS
_bspa
100 1 _aMartín Carramolino, Juan,
_d1805-1884
_977431
245 1 0 _aMétodo actual de la sustanciación civil y criminal en la jurisdicción real ordinaria
_b: o compilación lógica y metódica por el orden de materias, y de las atribuciones de cada funcionario en la administración de justicia, que comprende todos los procedimientos judiciales, dictados o restablecidos desde la publicación del Reglamento provisional de 1835 hasta fin de diciembre de 1838 /
_cpublícalo Juan Martín Carramolino.
260 _aMadrid :
_b[s.n.],
_c1839 (
_fImprenta del Colegio de Sordo-mudos)
300 _a240 p. ;
_c21 cm.
505 8 _aContiene: Cuaderno 1. Comprende toda la sustanciación en el grado de Primera Instancia -- Cuaderno 2. Comprende la sustanciación de todas las instancias y demás recursos ordinarios y extraordinarios, de que conocen las audiencias territoriales -- Cuaderno 3. Comprende la sustanciación de las las instancias, negocios y recursos ordinarios y extraordinarios reservados al Tribunal Supremo de Justicia
530 _aDisponible en formato digital.
650 4 _aProcedimiento civil-
_zEspaña-
_vLegislación.
_916422
650 4 _aProcedimiento penal-
_zEspaña-
_vLegislación.
_916431
852 _aES-MaACL
_jG-13036(1)
_z-- Enc. hol.
_q-- Contiene unicamente el cuaderno 1º (75 p.) y el cuaderno 2º (P. [77]-159]
856 _uhttp://bdh-rd.bne.es/viewer.vm?id=0000147607&page=1
_zBiblioteca Digital Hispánica
999 _c158890
_d158890